000 00701nam a2200265Ia 4500
005 20260302115821.0
008 008 260114s9999 xx 000 0 eng d
020 _a9781509951000
037 _aTextbook
040 _aCRL
040 _beng
040 _cCRL
041 _2eng
041 _aeng
084 _qCRL
100 _aMavis Maclean, Rachel Treloar and Bregje Dijksterhuis
_91122761
245 0 _aWhat Is a Family Justice System For?
260 _bBloomsbury
260 _bHart Publishing
260 _c2022
650 _aLaw
856 _uhttps://doi.org/10.5040/9781509951000?locatt=label:secondary_bloomsburyCollections
942 _cEBOOK
999 _c1687569
_d1687569